Statistics for 1,000,000 Indian Cities

Click here to take the quiz!

General Stats

  • This quiz has been taken 47 times
  • The average score is 32 of 59

Answer Stats

PopulationCity% Correct
33,400,000Delhi
100%
13,700,000Bangalore
94%
12,200,000Chennai
94%
11,100,000Hyderabad
94%
4,275,000Jaipur
94%
17,400,000Kolkata
94%
26,600,000Mumbai
94%
9,300,000Ahmedabad
89%
3,600,000Kanpur
89%
3,450,000Nagpur
89%
7,450,000Surat
89%
1,530,000Allahabad
83%
3,525,000Indore
83%
4,000,000Lucknow
83%
7,550,000Pune
83%
2,500,000Agra
72%
2,925,000Coimbatore
72%
1,610,000Jodhpur
72%
1,640,000Kochi
72%
2,600,000Bhopal
61%
2,850,000Patna
61%
2,075,000Rajkot
61%
1,040,000Kozhikode
56%
2,350,000Vadodara
56%
1,470,000Amritsar
50%
1,130,000Solapur
50%
1,730,000Srinagar
50%
2,575,000Chandigarh
44%
1,440,000Dhanbad
44%
1,200,000Hubli
44%
1,520,000Kota
44%
1,890,000Madurai
44%
1,380,000Moradabad
44%
1,550,000Ranchi
44%
1,180,000Salem
44%
2,050,000Varanasi
44%
1,690,000Asansol
39%
1,970,000Aurangabad
39%
3,175,000Bhilai
39%
1,200,000Guwahati
39%
1,510,000Gwalior
39%
1,310,000Mysore
39%
2,275,000Nashik
39%
1,130,000Siliguri
39%
1,360,000Aligarh
33%
1,430,000Bareilly
33%
1,560,000Jabalpur
33%
1,850,000Meerut
33%
2,350,000Visakhapatnam
33%
1,090,000Saharanpur
28%
1,540,000Tiruppur
28%
2,025,000Bhubaneswar
22%
1,760,000Jamshedpur
22%
1,270,000Tiruchirappali
22%
2,225,000Vijayawada
22%
1,010,000Dehra Dun
17%
1,050,000Warangal
17%
1,190,000Jalandhar
11%
2,075,000Ludihana
11%

Score Distribution

Percentile by Number Answered

Percent of People with Each Score

Your Score History

You have not taken this quiz